000 00472nam a22001697a 4500
005 20250828160926.0
008 250822b |||||||| |||| 00| 0 eng d
020 _a978-93-92242-87-8
041 _aEnglish
082 _aC 004 RAH DB1391
100 _aRahane Swapnil
_9212741
245 _aTextbook of Health/ Nursing Informatics and Technology
260 _bVision Health Sciences Publishers
_c2024
_aPunjab
300 _a234p
365 _bRs.525.00
942 _cDB
999 _c367393
_d367393